header

Inventive life (Record no. 82366)

MARC details
000 -LEADER
fixed length control field 01482nam a2200385Ia 4500
245 00 - TITLE STATEMENT
Title Inventive life
260 ## - PUBLICATION, DISTRIBUTION, ETC. (IMPRINT)
Place of publication London ;
-- Thousand Oaks, Calif. :
Name of publisher SAGE,
Year of publication 2006.
300 ## - PHYSICAL DESCRIPTION
Number of Pages 199 p.
490 1# - SERIES STATEMENT
Series statement Theory, culture & society
500 ## - GENERAL NOTE
General note "Originally published as Volume 22, Number 1 of Theory, Culture & Society"--T.p.verso.
650 #0 - SUBJECT ADDED ENTRY--TOPICAL TERM
Topical Term Vitalism.
Topical Term Science
700 1# - ADDED ENTRY--PERSONAL NAME
Personal name Fraser, Mariam.
Personal name Kember, Sarah.
Personal name Lury, Celia.
856 40 - ELECTRONIC LOCATION AND ACCESS
Uniform Resource Identifier http://site.ebrary.com/lib/rucke/Doc?id=10568209

No items available.

© 2026 Rongo University
Contact us: librarian | system librarian | Rongo university